Божествената математика (Запис номер 131369)
[ съкратено ]
| 000 -Лидер | |
|---|---|
| Контролно поле с фиксирана дължина | 01806nam a2200409 c 4500 |
| 003 - Код на организацията, давaща контролен номер | |
| Контролно поле | BLK |
| 005 - Дата и час на последна редакция | |
| Контролно поле | 20241104134646.0 |
| 008 - Елементи от данни с фиксирана дължина | |
| fixed length control field | 180409b bul|||||r ||||||| ||bul|| |
| 010 ## - Наследен системен номер | |
| LC control number | KNG00137184000 |
| 020 ## - Международен стандартен номер на книга ISBN | |
| Международен стандартен номер на книга ISBN | 978-954-01-2699-9 |
| -- | издат.: Просвета |
| 040 ## - Източник на каталожния запис | |
| Идентификатор на билиотеката - собственик на записа | BLK |
| 041 ## - Код за език | |
| Код за езика на текст/звукозапис или на отделно заглавие | Български |
| Код за езика КДБФ | Български |
| 072 #7 - Код за тематичната категория | |
| Код организация | bullib |
| Код за тематична категория | Н82 |
| Текст | Литературознание Н |
| 080 ## - УДК | |
| Текстов определител УДК | Българска литература |
| УДК код - определител по УДК | 821.163.2 |
| УДК определител | .09 |
| УДК - код + определител | 821.163.2.09 |
| 080 ## - УДК | |
| Текстов определител УДК | Българска литература |
| УДК код - определител по УДК | 821.163.2 |
| УДК определител | .015 |
| УДК - код + определител | 821.163.2.015 |
| 100 ## - Редна дума - Автор | |
| Автор | Ефтимов, Йордан Симеонов |
| R(LIN) | 370243 |
| 139 ## - Редно поле | |
| Редна дума | Ефтимов, Йордан Симеонов |
| Авторски знак | Ефр - Е 97 |
| 245 10 - Сведения за заглавието | |
| Заглавие | Божествената математика |
| Подзаглавни данни | Тревожната хетероклитност на бълг. символизъм |
| Редно поле (дума) | Йордан Симеонов Ефтимов. |
| 257 ## - Страна на издаване | |
| Страна на създаване/издаване | България |
| 260 ## - Област на издателските данни | |
| -- | София |
| Име на издателя, разпространителя и проч. | Просвета |
| Година на издаване | 2012 |
| Печатница | София : Монт |
| 300 ## - Физическа характеристика | |
| Страници | 336 с. |
| Размери/Мащаб | 20 см |
| 380 ## - Жанр | |
| Жанр | Литературознание |
| 490 1# - СЕРИИ (Колекции) | |
| Име на серия | Нова българска критика |
| 500 ## - Общи забележки | |
| Забележка | Библиогр. с. 320-335. - Съдържа и за авт. |
| 650 #4 - Допълнително описание по предмет – тема | |
| Основно описание – тема или топоним | Българска литература - художествен метод, направления, стилове и школи |
| 9 (RLIN) | 284314 |
| 650 #4 - Допълнително описание по предмет – тема | |
| Основно описание – тема или топоним | Символизъм - в литературата |
| 9 (RLIN) | 293607 |
| 653 ## - Ключова дума – ненормативна | |
| Ключова дума | българска литература |
| 653 ## - Ключова дума – ненормативна | |
| Ключова дума | символизъм |
| 653 ## - Ключова дума – ненормативна | |
| Ключова дума | литературни школи и направления |
| 659 ## - Тематичен бюлетин | |
| Тематичен бюлетин | Н |
| 852 ## - Местоположение | |
| Форматна сигнатура | Цб 257401 |
| 856 4# - Електронен адрес и достъп | |
| Електронен формат | pdf - файл |
| Път до файла /url/ | |
| 856 4# - Електронен адрес и достъп | |
| Електронен формат | pdf - файл |
| Път до файла /url/ | |
| 942 ## - АРТИКУЛИ | |
| Вид на библиотечния материал | Книги |
| Скрит в OPAC | Не |
| Koha issues (borrowed), all copies | 1 |
| 944 ## - СЪЗДАВАНЕ И РЕДАКЦИЯ на ЗАПИСА | |
| Създаване/Редакция | Създаване |
| Дата на регистрацията/редакция | 01.01.2002 |
| Служител, извършил регистрацията/редакцията | 30560 |
| Статус, дата на статуса | Геновева Генчева |
| 944 ## - СЪЗДАВАНЕ И РЕДАКЦИЯ на ЗАПИСА | |
| Създаване/Редакция | Редакция |
| Дата на регистрацията/редакция | 01.06.2016 |
| Служител, извършил регистрацията/редакцията | Геновева_Генчева |
| 999 ## - СИСТЕМНИ КОНТРОЛНИ НОМЕРА | |
| Koha biblionumber | 131369 |
| Koha biblioitemnumber | 131369 |
| Код за отписване | Код за изгубен артикул | Източник на класификационната схема | Код за повреда | Коз за рестрикции | Код за отдаване | Артикулен № | Име на библиотеката - собственик | Име на библиотеката, в която се намира в момента | Статус (Текущо местоположение) | Дата на вписване в системата | Местоположение - отдел | Цена в лева | Инвентарен номер | Систематично азбучна сигнатура | Баркод | Номер на екземпляра | Цена в евро | Служебна бележка | Служебен тип на артикула |
|---|---|---|---|---|---|---|---|---|---|---|---|---|---|---|---|---|---|---|---|
| Не е изгубен | Universal Decimal Classification | Не е повреден | без рестрикции | заемане за дома | 214223 | Регионална библиотека "Любен Каравелов" Русе | Регионална библиотека "Любен Каравелов" Русе | Заемна - подръчен фонд | 2012-12-12 | Заемна - подръчен фонд | 7.00 | 120000762184 | 821.163.2.09/Е 97 Й | 120000762184 | 1 | 3.58 | Дост: Pk Вид: Ф N: 7107 Дата: 05.12.2012 Дата инв: 07.02.2018 Бележки инв: П2018 | Книги | |
| Не е изгубен | Universal Decimal Classification | Не е повреден | без рестрикции | ползва се в читалня | 214224 | Регионална библиотека "Любен Каравелов" Русе | Регионална библиотека "Любен Каравелов" Русе | Читалня | 2012-12-12 | Читалня | 7.00 | 120000762185 | Ч 821.163.2.09/Е 97 | 120000762185 | 2 | 3.58 | Дост: Pk Вид: Ф N: 7107 Дата: 05.12.2012 Дата инв: 27.03.2017 Бележки инв: Ч2017 | Книги | |
| Не е изгубен | Не е повреден | без рестрикции | ползва се в читалня | 214225 | Регионална библиотека "Любен Каравелов" Русе | Регионална библиотека "Любен Каравелов" Русе | Хранилище | 2014-02-06 | Хранилище | 10.00 | 120000774017 | Цб 257401 | 120000774017 | 3 | 5.11 | Дост: Dp Вид: Д N: 5 Дата: 04.02.2013 | Книги | ||
| Не е изгубен | Universal Decimal Classification | Не е повреден | без рестрикции | заемане за дома | 214226 | Регионална библиотека "Любен Каравелов" Русе | Регионална библиотека "Любен Каравелов" Русе | Заемна - подръчен фонд | 2016-05-30 | Заемна - подръчен фонд | 7.00 | 120000800395 | 821.163.2.09/Е 97 Й | 120000800395 | 4 | 3.58 | Дост: Pk Вид: Ф N: 16707 Дата: 27.05.2016 Дата инв: 15.02.2018 Бележки инв: П2018 | Книги |